Statistiques concernant Liste des présidents d'Irlande

Cliquez ici pour prendre le quiz!

Statistiques générales

  • Ce quiz a été pris 5 fois
  • Le résultat moyen est 11 sur 14

Statistiques - réponses

Durée du mandatParti PolitiqueRéponse% Correct
25 juin 1959 - 24 juin 1966Fianna FáilÉamon de Valera
100%
25 juin 1966 - 24 juin 1973Fianna FáilÉamon de Valera
100%
3 décembre 1990 - 12 septembre 1997Parti travaillisteMary Robinson
100%
11 novembre 2011 - 11 novembre 2018Parti travaillisteMichael Higgins
100%
11 novembre 2018 - en fonctionParti travaillisteMichael Higgins
100%
10 novembre 1997 - 10 novembre 2004Fianna FáilMary McAleese
75%
10 novembre 2004 - 10 novembre 2011Fianna FáilMary McAleese
75%
3 décembre 1976 - 2 décembre 1983Fianna FáilPatrick Hillery
75%
3 décembre 1983 - 2 décembre 1990Fianna FáilPatrick Hillery
75%
19 décembre 1974 - 22 octobre 1976Fianna FáilCearbhall Ó Dálaigh
50%
25 juin 1938 - 24 juin 1945nommé par tous les partisDouglas Hyde
50%
25 juin 1973 - 17 novembre 1974Fianna FáilErskine Hamilton Childers
50%
25 juin 1945 - 24 juin 1952Fianna FáilSeán O'Kelly
50%
25 juin 1952 - 24 juin 1959Fianna FáilSeán O'Kelly
50%

Distribution des résultats

Percentile par nombre de réponses

% des personnes avec chaque résultat

Votre développement - résultats

Vous n’avez pas pris ce quiz